The new biological weapons : (Record no. 192540)

MARC details
000 -LEADER
fixed length control field 01016nam a2200313 a 4500
001 - CONTROL NUMBER
control field vtls000189920
003 - CONTROL NUMBER IDENTIFIER
control field NLI
005 - DATE AND TIME OF LATEST TRANSACTION
control field 20210602111620.0
008 - FIXED-LENGTH DATA ELEMENTS--GENERAL INFORMATION
fixed length control field 101125s2001 cou 001 0 eng
020 ## - INTERNATIONAL STANDARD BOOK NUMBER
International Standard Book Number 1555879241 :
Terms of availability USD 49.50
039 #9 - LEVEL OF BIBLIOGRAPHIC CONTROL AND CODING DETAIL [OBSOLETE]
-- 201011252248
-- VLOAD
040 0# - CATALOGING SOURCE
Original cataloging agency NLI
Language of cataloging eng
Transcribing agency Datasoft 1
Description conventions AACR2
041 0# - LANGUAGE CODE
Language code of text/sound track or separate title eng
044 ## - COUNTRY OF PUBLISHING/PRODUCING ENTITY CODE
MARC country code cou
082 04 - DEWEY DECIMAL CLASSIFICATION NUMBER
Classification number 327.1745
100 1# - MAIN ENTRY--PERSONAL NAME
Personal name Dando, Malcolm
9 (RLIN) 296622
245 14 - TITLE STATEMENT
Title The new biological weapons :
Remainder of title threat, proliferation and control /
Statement of responsibility, etc. by Malcolm Dando
260 ## - PUBLICATION, DISTRIBUTION, ETC.
Place of publication, distribution, etc. Boulder, Colo. :
Name of publisher, distributor, etc. Lynne Rienner Publishers,
Date of publication, distribution, etc. c2001
300 ## - PHYSICAL DESCRIPTION
Extent ix, 181 p. ;
Dimensions 24 cm.
500 ## - GENERAL NOTE
General note Includes index
650 #0 - SUBJECT ADDED ENTRY--TOPICAL TERM
Topical term or geographic name entry element Biological weapons
9 (RLIN) 5684
650 #0 - SUBJECT ADDED ENTRY--TOPICAL TERM
Topical term or geographic name entry element Biological arms control
9 (RLIN) 234335
887 ## - NON-MARC INFORMATION FIELD
Content of non-MARC field
901 ## - LOCAL DATA ELEMENT A, LDA (RLIN)
a 541714
b 09.08.2002
902 ## - LOCAL DATA ELEMENT B, LDB (RLIN)
a E 327.1745 D 197
942 ## - ADDED ENTRY ELEMENTS (KOHA)
Source of classification or shelving scheme Dewey Decimal Classification
Koha item type Books
949 ## - LOCAL PROCESSING INFORMATION (OCLC)
-- VIRTUAITEM
-- 10000
-- 100
6 PUR000541714ENG
Holdings
Withdrawn status Lost status Damaged status Not for loan Collection code Home library Current library Shelving location Date acquired Total Checkouts Full call number Barcode Date last seen Price effective from Koha item type
        New English National Library of India National Library of India New English - Main Stack Division     E 327.1745 D 197 PUR000541714ENG 02/06/2021 02/06/2021 Books
                                                                           
web counter

Copyright ©2020 The National Library of India, Govt. of India ↔ Hosted by NVLI, MOC ↔ Technology and Design by National Library of India, Ministry of Culture, Govt. of India